[Event "Bad Woerishofen op-A"]
[Site "Bad Woerishofen GER"]
[Date "2024.03.10"]
[Round "3.8"]
[White "Senthil, Maran K"]
[Black "Golubka, Petro"]
[Result "1-0"]
[WhiteElo "2301"]
[BlackElo "2417"]
[WhiteFideId "-1"]
[BlackFideId "-1"]
[PlyCount "45"]
[GameId "2130307546722156"]
[EventDate "2024.03.08"]
[EventType "swiss"]
[EventRounds "9"]
[EventCountry "GER"]
[SourceTitle "10 Days #753"]
[Source "ChessMix "]
[SourceDate "2024.03.20"]
[SourceVersion "1"]
[SourceVersionDate "2024.03.20"]
[SourceQuality "1"]

1. d4 d5 2. Nf3 Nf6 3. g3 e6 4. Bg2 Be7 5. c4 O-O 6. O-O c6 7. Qc2 b6 8. Nbd2 Bb7 9. e4 Na6 10. a3 c5 11. exd5 exd5 12. b3 Nc7 13. Bb2 dxc4 14. bxc4 cxd4 15. Nxd4 Bxg2 16. Kxg2 Ne6 17. Nf5 Qc7 18. Ne4 Nxe4 19. Qxe4 Bf6 20. Bxf6 gxf6 21. Rae1 Rad8 22. Qh4 Qb7+ 23. f3 1-0

[Event "Bad Woerishofen op-A"]
[Site "Bad Woerishofen GER"]
[Date "2024.03.11"]
[Round "4.9"]
[White "Golubka, Petro"]
[Black "Raupp, Thomas"]
[Result "1-0"]
[WhiteElo "2417"]
[BlackElo "2259"]
[WhiteFideId "-1"]
[BlackFideId "-1"]
[PlyCount "39"]
[GameId "2130307546726268"]
[EventDate "2024.03.08"]
[EventType "swiss"]
[EventRounds "9"]
[EventCountry "GER"]
[SourceTitle "10 Days #753"]
[Source "ChessMix "]
[SourceDate "2024.03.20"]
[SourceVersion "1"]
[SourceVersionDate "2024.03.20"]
[SourceQuality "1"]

1. e4 e5 2. Bc4 Nf6 3. d3 c6 4. Nf3 d5 5. Bb3 a5 6. a3 a4 7. Ba2 Bd6 8. exd5 cxd5 9. Nc3 Ra5 10. Bg5 Be6 11. O-O Nbd7 12. Re1 O-O 13. Bh4 Qc7 14. Bg3 Re8 15. Ne2 h6 16. h3 Qb6 17. Qd2 d4 18. Nexd4 Bxa2 19. Rxa2 Bc5 20. Nxe5 1-0

[Event "Bad Woerishofen op-A"]
[Site "Bad Woerishofen GER"]
[Date "2024.03.12"]
[Round "5.7"]
[White "Fischer, Daniel"]
[Black "Golubka, Petro"]
[Result "1/2-1/2"]
[WhiteElo "2352"]
[BlackElo "2417"]
[WhiteFideId "-1"]
[BlackFideId "-1"]
[PlyCount "92"]
[GameId "2130307546726281"]
[EventDate "2024.03.08"]
[EventType "swiss"]
[EventRounds "9"]
[EventCountry "GER"]
[SourceTitle "10 Days #753"]
[Source "ChessMix "]
[SourceDate "2024.03.20"]
[SourceVersion "1"]
[SourceVersionDate "2024.03.20"]
[SourceQuality "1"]

1. e4 e6 2. d4 d5 3. Nc3 Bb4 4. e5 b6 5. h4 h5 6. Be2 Ba6 7. a3 Bxe2 8. Qxe2 Be7 9. Nf3 c5 10. Bg5 a6 11. Qd3 Nc6 12. Ne2 cxd4 13. Nexd4 Nxd4 14. Qxd4 Qc7 15. Bxe7 Nxe7 16. c3 Nc6 17. Qe3 Rh6 18. O-O Rg6 19. Rfe1 Rg4 20. Rad1 Kf8 21. g3 Kg8 22. Kg2 Rc8 23. Qd3 b5 24. Re2 Ne7 25. Nh2 Rc4 26. Nf3 Nf5 27. Nd4 Nxd4 28. cxd4 Rc2 29. Rdd2 Rxd2 30. Rxd2 Qc1 31. Kf3 Rc4 32. Ke2 a5 33. Qb3 b4 34. axb4 axb4 35. Qd1 Kh7 36. f3 Kg6 37. Qxc1 Rxc1 38. Rd1 Rc2+ 39. Rd2 Rc4 40. Rd1 Kf5 41. Kd3 b3 42. Ke3 Rc2 43. Rd2 Rc7 44. Rd3 Rb7 45. Rc3 f6 46. exf6 gxf6 1/2-1/2

[Event "Bad Woerishofen op-A"]
[Site "Bad Woerishofen GER"]
[Date "2024.03.13"]
[Round "6.10"]
[White "Golubka, Petro"]
[Black "Dorst, Johannes"]
[Result "0-1"]
[WhiteElo "2417"]
[BlackElo "2183"]
[WhiteFideId "-1"]
[BlackFideId "-1"]
[PlyCount "118"]
[GameId "2130307546726294"]
[EventDate "2024.03.08"]
[EventType "swiss"]
[EventRounds "9"]
[EventCountry "GER"]
[SourceTitle "10 Days #753"]
[Source "ChessMix "]
[SourceDate "2024.03.20"]
[SourceVersion "1"]
[SourceVersionDate "2024.03.20"]
[SourceQuality "1"]

1. e4 c5 2. b3 g6 3. Bb2 Nf6 4. e5 Nd5 5. Qf3 Nb4 6. Bc4 e6 7. Na3 a6 8. c3 N4c6 9. Qe3 Bg7 10. f4 d6 11. exd6 Qxd6 12. O-O-O Nd7 13. Nf3 b5 14. Be2 Bb7 15. Kb1 O-O-O 16. Ng5 Qe7 17. Rhe1 h6 18. Nf3 Nb6 19. c4 Bxb2 20. Kxb2 b4 21. Nc2 Nd4 22. Ncxd4 cxd4 23. Qe5 Qc7 24. c5 Nd5 25. Rc1 d3 26. c6 Qxe5+ 27. Nxe5 dxe2 28. g3 Ba8 29. Nxf7 Rhf8 30. Nxd8 Rxd8 31. Rxe2 Rd6 32. c7 Bc6 33. Rce1 Nxc7 34. Rf2 Kd7 35. Re5 Nb5 36. Rc5 Bd5 37. g4 Nd4 38. h3 Bc6 39. Rc4 Bb5 40. Rc5 Ne2 41. Kc2 Bd3+ 42. Kd1 Ng3 43. Re5 Ne4 44. Rf3 Bb1 45. Kc1 Nxd2 46. Rfe3 Bxa2 47. Re2 Nxb3+ 48. Kb2 Nd4 49. Kxa2 Nxe2 50. Rxe2 Rd4 51. Rf2 Rd3 52. f5 exf5 53. gxf5 g5 54. f6 Ke8 55. f7+ Kf8 56. h4 gxh4 57. Rf6 h3 58. Rxh6 Ra3+ 59. Kb2 Kxf7 0-1

[Event "Sunway Sitges op"]
[Site "Sitges ESP"]
[Date "2023.12.12"]
[Round "1.48"]
[White "Escudero Ribo, Eloi"]
[Black "Golubka, Petro"]
[Result "0-1"]
[WhiteElo "1963"]
[BlackElo "2440"]
[WhiteFideId "-1"]
[BlackFideId "-1"]
[PlyCount "64"]
[GameId "2130307550125817"]
[EventDate "2023.12.12"]
[EventType "swiss"]
[EventRounds "10"]
[EventCountry "ESP"]
[SourceTitle "10 Days #745"]
[Source "ChessMix"]
[SourceDate "2024.01.01"]
[SourceVersion "1"]
[SourceVersionDate "2024.01.01"]
[SourceQuality "1"]

1. d4 d5 2. c4 e6 3. Nc3 Nf6 4. cxd5 exd5 5. Bg5 Bb4 6. e3 h6 7. Bh4 g5 8. Bg3 Ne4 9. Qc2 h5 10. f3 Bxc3+ 11. bxc3 Nxg3 12. hxg3 Qe7 13. Qd2 Be6 14. Bd3 Nd7 15. Ne2 f5 16. Rb1 O-O-O 17. a4 c6 18. Kf2 Nf6 19. Qc2 Ne4+ 20. Ke1 Nd6 21. Rb4 Rde8 22. Kf2 Rh6 23. Re1 Bd7 24. Qd2 Re6 25. Nc1 h4 26. gxh4 g4 27. g3 f4 28. e4 fxg3+ 29. Kxg3 gxf3 30. e5 Rg8+ 31. Kxf3 Qxh4 32. Ne2 Ne4 0-1

[Event "Sunway Sitges op"]
[Site "Sitges ESP"]
[Date "2023.12.13"]
[Round "2.45"]
[White "Golubka, Petro"]
[Black "Midy, Robin"]
[Result "1/2-1/2"]
[WhiteElo "2440"]
[BlackElo "2182"]
[WhiteFideId "-1"]
[BlackFideId "-1"]
[PlyCount "112"]
[GameId "2130307550134073"]
[EventDate "2023.12.12"]
[EventType "swiss"]
[EventRounds "10"]
[EventCountry "ESP"]
[SourceTitle "10 Days #745"]
[Source "ChessMix"]
[SourceDate "2024.01.01"]
[SourceVersion "1"]
[SourceVersionDate "2024.01.01"]
[SourceQuality "1"]

1. e4 e5 2. Nf3 Nf6 3. Nxe5 Nxe4 4. d3 Nf6 5. d4 d6 6. Nf3 d5 7. Bd3 Bd6 8. Qe2+ Qe7 9. Qxe7+ Bxe7 10. Bf4 c6 11. O-O O-O 12. h3 Re8 13. Re1 Nbd7 14. a4 a5 15. c3 Nf8 16. Nbd2 Be6 17. Bc7 Rec8 18. Bh2 Ne8 19. Nb3 b6 20. Ne5 Nd6 21. f4 f5 22. Bg3 Ne4 23. Bf2 Ng6 24. g3 Nxe5 25. dxe5 c5 26. Nc1 Nxf2 27. Kxf2 c4 28. Bc2 Bc5+ 29. Kf1 d4 30. cxd4 Bxd4 31. Rb1 Rd8 32. Ne2 Be3 33. Nc3 Bd2 34. Red1 Ra7 35. Ke2 Rad7 36. Nb5 Bb4 37. Rxd7 Rxd7 38. Rd1 Rxd1 39. Kxd1 Kf7 40. Ke2 g6 41. Nc7 Bc5 42. Bb1 Bd4 43. Ba2 Bxb2 44. Nxe6 Kxe6 45. Bxc4+ Ke7 46. Kf3 h6 47. g4 fxg4+ 48. hxg4 g5 49. fxg5 hxg5 50. Ke4 Bc1 51. Kd5 Be3 52. e6 Bc1 53. Kc6 Be3 54. Kb5 Bd4 55. Kc6 Be3 56. Kb5 Bd4 1/2-1/2

[Event "Sunway Sitges op"]
[Site "Sitges ESP"]
[Date "2023.12.14"]
[Round "3.40"]
[White "Korneev Leskova, Svyatoslav"]
[Black "Golubka, Petro"]
[Result "0-1"]
[WhiteElo "2252"]
[BlackElo "2440"]
[WhiteFideId "-1"]
[BlackFideId "-1"]
[PlyCount "56"]
[GameId "2130307550138222"]
[EventDate "2023.12.12"]
[EventType "swiss"]
[EventRounds "10"]
[EventCountry "ESP"]
[SourceTitle "10 Days #745"]
[Source "ChessMix"]
[SourceDate "2024.01.01"]
[SourceVersion "1"]
[SourceVersionDate "2024.01.01"]
[SourceQuality "1"]

1. c4 e6 2. Nf3 g5 3. d4 h6 4. Nc3 Bg7 5. h4 g4 6. Ne5 h5 7. e3 b6 8. Nd3 Bb7 9. Nf4 e5 10. dxe5 Bxe5 11. Qc2 Na6 12. Nd3 Bf6 13. Nd5 Bxh4 14. N3f4 c6 15. Qe4+ Kf8 16. Qf5 Rh6 17. g3 Bg5 18. Nc3 Qf6 19. Qxd7 Nc5 20. Qd1 h4 21. Qxg4 hxg3 22. Rg1 gxf2+ 23. Kxf2 Rg6 24. Rh1 Bc8 25. Qf3 Bh4+ 26. Ke2 Bg4 27. Nxg6+ Qxg6 28. Rxh4 Qc2+ 0-1

[Event "Sunway Sitges op"]
[Site "Sitges ESP"]
[Date "2023.12.15"]
[Round "4.11"]
[White "Golubka, Petro"]
[Black "Dominguez Perez, Leinier"]
[Result "0-1"]
[WhiteElo "2440"]
[BlackElo "2745"]
[WhiteFideId "-1"]
[BlackFideId "-1"]
[PlyCount "100"]
[GameId "2129404702148698"]
[EventDate "2023.12.12"]
[EventType "swiss"]
[EventRounds "10"]
[EventCountry "ESP"]
[SourceTitle "10 Days #745"]
[Source "ChessMix"]
[SourceDate "2024.01.01"]
[SourceVersion "1"]
[SourceVersionDate "2024.01.01"]
[SourceQuality "1"]

1. e4 {[%emt 0:21:31]} e5 {[%emt 0:00:27]} 2. Nf3 {[%emt 0:00:15]} Nc6 {[%emt 0:00:07]} 3. d4 {[%emt 0:00:23]} exd4 {[%emt 0:00:07]} 4. Nxd4 {[%emt 0:00:08]} Nf6 {[%emt 0:01:09]} 5. Nxc6 {[%emt 0:00:09]} bxc6 {[%emt 0:00:05]} 6. e5 {[%emt 0:00:08]} Qe7 {[%emt 0:00:41]} 7. Qe2 {[%emt 0:00:11]} Nd5 {[%emt 0:00:08]} 8. h4 {[%emt 0:00:28]} Qe6 {[%emt 0:00:33]} 9. Nd2 {[%emt 0:07:36]} a5 {[%emt 0:00:44]} 10. Nf3 {[%emt 0:02:59]} Bb4+ {[%emt 0:03:09]} 11. Bd2 {[%emt 0:00:59]} Ba6 {[%emt 0:02:36]} 12. c4 {[%emt 0:00:35]} Nb6 {[%emt 0:00:37]} 13. b3 {[%emt 0:00:55]} O-O {[%emt 0:24:19]} 14. Qe3 {[%emt 0:11:19]} Bxd2+ {[%emt 0:33:24]} 15. Kxd2 {[%emt 0:00:39]} d5 {[%emt 0:04:48]} 16. Nd4 {[%emt 0:05:22]} Qe7 {[%emt 0:01:43]} 17. c5 {[%emt 0:08:15]} Qxc5 {[%emt 0:00:08]} 18. Rc1 {[%emt 0:00:22]} Qb4+ {[%emt 0:06:57]} 19. Qc3 {[%emt 0:00:20]} Bb7 {[%emt 0:00:07]} 20. a4 {[%emt 0:03:45]} Qe7 {[%emt 0:02:01]} 21. f4 {[%emt 0:00:24]} Nd7 {[%emt 0:02:57]} 22. Qg3 {[%emt 0:07:35]} Qb4+ {[%emt 0:00:39]} 23. Qc3 {[%emt 0:00:09]} Qb6 {[%emt 0:02:05]} 24. Be2 {[%emt 0:03:53]} c5 {[%emt 0:01:56]} 25. Nf5 {[%emt 0:03:56]} Kh8 {[%emt 0:02:35]} 26. h5 {[%emt 0:06:19]} h6 {[%emt 0:00:07]} 27. Qg3 {[%emt 0:02:43]} Qb4+ {[%emt 0:01:52]} 28. Kd1 {[%emt 0:01:26]} Rg8 {[%emt 0:00:02]} 29. Ne7 {[%emt 0:01:04]} Rge8 {[%emt 0:00:09]} 30. Nf5 {[%emt 0:00:09]} Rg8 {[%emt 0:00:08]} 31. Ne7 {[%emt 0:00:02]} c4 {[%emt 0:02:26]} 32. Nxg8 {[%emt 0:00:24]} Rxg8 {[%emt 0:00:24]} 33. Qc3 {[%emt 0:01:09]} Qb6 {[%emt 0:00:21]} 34. Ke1 {[%emt 0:02:02]} cxb3 {[%emt 0:02:54]} 35. Rh3 {[%emt 0:01:38]} b2 {[%emt 0:01:49]} 36. Rb1 {[%emt 0:00:06]} Qg1+ {[%emt 0:00:09]} 37. Bf1 {[%emt 0:00:08]} Ba6 {[%emt 0:00:11]} 38. Rf3 {[%emt 0:01:02]} Bxf1 {[%emt 0:02:46]} 39. Rxf1 {[%emt 0:00:21]} Qxg2 {[%emt 0:00:02]} 40. Rxb2 {[%emt 0:00:34]} Qe4+ {[%emt 0:00:21]} 41. Re2 {[%emt 0:00:46]} Qxa4 {[%emt 0:01:03]} 42. Rf3 {[%emt 0:08:40]} c5 {[%emt 0:02:13]} 43. Qd3 {[%emt 0:03:34]} d4 {[%emt 0:03:22]} 44. f5 {[%emt 0:00:39]} f6 {[%emt 0:00:36]} 45. exf6 {[%emt 0:06:43]} Nxf6 {[%emt 0:00:23]} 46. Kf2 {[%emt 0:00:38]} Rd8 {[%emt 0:01:11]} 47. Re6 {[%emt 0:03:01]} Qa2+ {[%emt 0:06:18]} 48. Qe2 {[%emt 0:00:40]} Qd5 {[%emt 0:00:02]} 49. Qa6 {[%emt 0:02:57]} d3 {[%emt 0:02:47]} 50. Rxf6 {[%emt 0:00:10]} Qd4+ {[%emt 0:00:03]} 0-1

[Event "Sunway Sitges op"]
[Site "Sitges ESP"]
[Date "2023.12.16"]
[Round "5.42"]
[White "Dukic, Zachary"]
[Black "Golubka, Petro"]
[Result "0-1"]
[WhiteElo "2266"]
[BlackElo "2440"]
[WhiteFideId "-1"]
[BlackFideId "-1"]
[PlyCount "96"]
[GameId "2130307550150618"]
[EventDate "2023.12.12"]
[EventType "swiss"]
[EventRounds "10"]
[EventCountry "ESP"]
[SourceTitle "10 Days #745"]
[Source "ChessMix"]
[SourceDate "2024.01.01"]
[SourceVersion "1"]
[SourceVersionDate "2024.01.01"]
[SourceQuality "1"]

1. e4 c5 2. Nf3 d6 3. d4 cxd4 4. Nxd4 Nf6 5. Nc3 g6 6. Be3 Bg7 7. f3 O-O 8. Qd2 Nc6 9. Bc4 Nxd4 10. Bxd4 Be6 11. Bb3 Qa5 12. O-O-O b5 13. Kb1 b4 14. Bxe6 fxe6 15. Ne2 Rfd8 16. Qd3 e5 17. Qb3+ Kh8 18. Bf2 Qa6 19. c4 Qc6 20. Rc1 Bh6 21. Rc2 a5 22. c5 d5 23. exd5 Nxd5 24. Bg3 Bg7 25. a4 bxa3 26. Qxa3 Nb4 27. Rc4 Rd3 28. Nc3 Qa6 29. Re4 Rd2 30. Na4 Rad8 31. Rc1 Rd1 32. Re1 R1d3 33. Nc3 Nc6 34. Qa4 R8d4 35. Qb5 Qxb5 36. Nxb5 Rb4 37. Nc3 e4 38. Ka2 Rd2 39. Nd1 Bxb2 40. Nxb2 Rbxb2+ 41. Ka3 a4 42. Kxa4 Rb4+ 43. Ka3 Rd7 44. Be5+ Kg8 45. Bb8 Rxb8 46. Rxe4 Rd3+ 47. Ka4 e5 48. f4 Rd7 0-1

[Event "Sunway Sitges op"]
[Site "Sitges ESP"]
[Date "2023.12.18"]
[Round "6.34"]
[White "Golubka, Petro"]
[Black "Vignesh, B.."]
[Result "1/2-1/2"]
[WhiteElo "2440"]
[BlackElo "2179"]
[WhiteFideId "-1"]
[BlackFideId "-1"]
[PlyCount "86"]
[GameId "2129404702226647"]
[EventDate "2023.12.12"]
[EventType "swiss"]
[EventRounds "10"]
[EventCountry "ESP"]
[SourceTitle "10 Days #745"]
[Source "ChessMix"]
[SourceDate "2024.01.01"]
[SourceVersion "1"]
[SourceVersionDate "2024.01.01"]
[SourceQuality "1"]

1. d4 {[%emt 0:00:59]} Nf6 {[%emt 0:00:31]} 2. c4 {[%emt 0:00:07]} e6 {[%emt 0:01:42]} 3. Nc3 {[%emt 0:00:09]} d5 {[%emt 0:00:39]} 4. g3 {[%emt 0:00:35]} c5 {[%emt 0:00:38]} 5. cxd5 {[%emt 0:00:20]} Nxd5 {[%emt 0:05:51]} 6. Nf3 {[%emt 0:00:54]} cxd4 {[%emt 0:03:14]} 7. Nxd5 {[%emt 0:00:53]} Qxd5 {[%emt 0:00:31]} 8. Qxd4 {[%emt 0:00:09]} Qb5 {[%emt 0:13:28]} 9. e4 {[%emt 0:02:24]} Qb4+ {[%emt 0:19:17]} 10. Bd2 {[%emt 0:04:54]} Nc6 {[%emt 0:01:50]} 11. Qxb4 {[%emt 0:00:48]} Bxb4 {[%emt 0:02:08]} 12. Bb5 {[%emt 0:00:36]} Bxd2+ {[%emt 0:01:00]} 13. Kxd2 {[%emt 0:00:13]} Bd7 {[%emt 0:00:06]} 14. Rhc1 {[%emt 0:01:06]} f6 {[%emt 0:10:27]} 15. Ke3 {[%emt 0:02:40]} Ke7 {[%emt 0:07:56]} 16. e5 {[%emt 0:05:37]} Rac8 {[%emt 0:05:44]} 17. exf6+ {[%emt 0:03:18]} gxf6 {[%emt 0:00:03]} 18. Rd1 {[%emt 0:06:54]} a6 {[%emt 0:06:49]} 19. Ba4 {[%emt 0:00:56]} e5 {[%emt 0:04:56]} 20. Rac1 {[%emt 0:02:54]} b5 {[%emt 0:00:30]} 21. Bc2 {[%emt 0:05:04]} Bg4 {[%emt 0:02:47]} 22. Be4 {[%emt 0:00:48]} Nd4 {[%emt 0:01:15]} 23. h3 {[%emt 0:00:59]} Nf5+ {[%emt 0:04:14]} 24. Bxf5 {[%emt 0:00:42]} Bxf5 {[%emt 0:00:02]} 25. g4 {[%emt 0:00:31]} Be6 {[%emt 0:00:02]} 26. Nh4 {[%emt 0:00:34]} Rhg8 {[%emt 0:03:55]} 27. f4 {[%emt 0:07:57]} exf4+ {[%emt 0:01:26]} 28. Kxf4 {[%emt 0:00:08]} Rc4+ {[%emt 0:00:33]} 29. Rxc4 {[%emt 0:00:54]} bxc4 {[%emt 0:00:05]} 30. Nf5+ {[%emt 0:01:35]} Bxf5 {[%emt 0:00:51]} 31. Kxf5 {[%emt 0:00:25]} Rg5+ {[%emt 0:00:21]} 32. Kf4 {[%emt 0:00:17]} Ra5 {[%emt 0:00:40]} 33. a3 {[%emt 0:00:29]} c3 {[%emt 0:01:14]} 34. bxc3 {[%emt 0:00:39]} Rxa3 {[%emt 0:00:03]} 35. Rd5 {[%emt 0:01:10]} Rxc3 {[%emt 0:00:40]} 36. Rh5 {[%emt 0:00:05]} Kf7 {[%emt 0:01:06]} 37. Rxh7+ {[%emt 0:00:10]} Kg6 {[%emt 0:00:07]} 38. Ra7 {[%emt 0:00:28]} Rxh3 {[%emt 0:00:16]} 39. Rxa6 {[%emt 0:00:07]} Rb3 {[%emt 0:00:05]} 40. Ra5 {[%emt 0:00:11]} Rb4+ {[%emt 0:00:22]} 41. Kg3 {[%emt 0:00:04]} Rb3+ {[%emt 0:00:06]} 42. Kf4 {[%emt 0:00:03]} Rb4+ {[%emt 0:00:10]} 43. Kg3 {[%emt 0:00:03]} Rb3+ {[%emt 0:00:08]} 1/2-1/2

[Event "Sunway Sitges op"]
[Site "Sitges ESP"]
[Date "2023.12.19"]
[Round "7.33"]
[White "Arpita, Mukherjee"]
[Black "Golubka, Petro"]
[Result "0-1"]
[WhiteElo "2160"]
[BlackElo "2440"]
[WhiteFideId "-1"]
[BlackFideId "-1"]
[PlyCount "74"]
[GameId "2129404702226691"]
[EventDate "2023.12.12"]
[EventType "swiss"]
[EventRounds "10"]
[EventCountry "ESP"]
[SourceTitle "10 Days #745"]
[Source "ChessMix"]
[SourceDate "2024.01.01"]
[SourceVersion "1"]
[SourceVersionDate "2024.01.01"]
[SourceQuality "1"]

1. d4 {[%emt 0:00:05]} Nf6 {[%emt 0:24:00]} 2. Bf4 {[%emt 0:00:20]} b6 {[%emt 0:00:19]} 3. Nf3 {[%emt 0:01:29]} Bb7 {[%emt 0:00:11]} 4. e3 {[%emt 0:00:16]} g6 {[%emt 0:00:26]} 5. h3 {[%emt 0:01:48]} Bg7 {[%emt 0:00:08]} 6. Be2 {[%emt 0:01:10]} O-O {[%emt 0:00:26]} 7. O-O {[%emt 0:00:27]} d6 {[%emt 0:00:17]} 8. c4 {[%emt 0:01:06]} c5 {[%emt 0:01:47]} 9. Nc3 {[%emt 0:00:15]} Ne4 {[%emt 0:00:36]} 10. Qc2 {[%emt 0:04:30]} Nxc3 {[%emt 0:00:10]} 11. Qxc3 {[%emt 0:01:27]} Nc6 {[%emt 0:01:13]} 12. Rfd1 {[%emt 0:01:15]} Qe8 {[%emt 0:00:36]} 13. Qd2 {[%emt 0:15:22]} e5 {[%emt 0:04:59]} 14. dxe5 {[%emt 0:00:59]} dxe5 {[%emt 0:00:14]} 15. Bg5 {[%emt 0:07:02]} e4 {[%emt 0:07:19]} 16. Nh2 {[%emt 0:01:49]} Qe5 {[%emt 0:00:21]} 17. Qd7 {[%emt 0:00:55]} Qxb2 {[%emt 0:02:25]} 18. Qxb7 {[%emt 0:04:29]} Na5 {[%emt 0:00:11]} 19. Qxe4 {[%emt 0:01:27]} Qxe2 {[%emt 0:00:08]} 20. Rac1 {[%emt 0:00:37]} h6 {[%emt 0:03:16]} 21. Be7 {[%emt 0:10:05]} Rfe8 {[%emt 0:00:40]} 22. Rd7 {[%emt 0:00:17]} Qxa2 {[%emt 0:00:59]} 23. Qh4 {[%emt 0:07:26]} Qb2 {[%emt 0:01:53]} 24. Rcd1 {[%emt 0:00:17]} Nc6 {[%emt 0:00:45]} 25. Ng4 {[%emt 0:18:14]} Nxe7 {[%emt 0:00:59]} 26. Rxe7 {[%emt 0:00:10]} h5 {[%emt 0:02:18]} 27. Nh2 {[%emt 0:04:00]} Bf6 {[%emt 0:01:12]} 28. Rxe8+ {[%emt 0:00:48]} Rxe8 {[%emt 0:00:11]} 29. Qf4 {[%emt 0:00:09]} a5 {[%emt 0:02:53]} 30. Nf3 {[%emt 0:00:32]} a4 {[%emt 0:02:17]} 31. g4 {[%emt 0:01:51]} a3 {[%emt 0:01:41]} 32. gxh5 {[%emt 0:00:30]} a2 {[%emt 0:00:18]} 33. hxg6 {[%emt 0:00:29]} a1=Q {[%emt 0:00:18]} 34. gxf7+ {[%emt 0:00:37]} Kxf7 {[%emt 0:00:05]} 35. Rxa1 {[%emt 0:00:40]} Qxa1+ {[%emt 0:01:48]} 36. Kh2 {[%emt 0:00:08]} Qb2 {[%emt 0:00:42]} 37. Qg3 {[%emt 0:02:49]} Be5 {[%emt 0:03:16]} 0-1

[Event "Sunway Sitges op"]
[Site "Sitges ESP"]
[Date "2023.12.20"]
[Round "8.13"]
[White "Golubka, Petro"]
[Black "Tin, Jingyao"]
[Result "1/2-1/2"]
[WhiteElo "2440"]
[BlackElo "2573"]
[WhiteFideId "-1"]
[BlackFideId "-1"]
[PlyCount "87"]
[GameId "2130307550154890"]
[EventDate "2023.12.12"]
[EventType "swiss"]
[EventRounds "10"]
[EventCountry "ESP"]
[SourceTitle "10 Days #745"]
[Source "ChessMix"]
[SourceDate "2024.01.01"]
[SourceVersion "1"]
[SourceVersionDate "2024.01.01"]
[SourceQuality "1"]

1. d4 d5 2. c4 c6 3. cxd5 cxd5 4. Bf4 Nc6 5. e3 Nf6 6. Nc3 a6 7. Bd3 Bg4 8. Nge2 e6 9. O-O Be7 10. Rc1 O-O 11. Na4 Nd7 12. a3 Rc8 13. h3 Bh5 14. b4 e5 15. dxe5 Ncxe5 16. Rxc8 Qxc8 17. Bxe5 Nxe5 18. Nb6 Qc6 19. Nxd5 Bg5 20. e4 f5 21. Qb3 Bf7 22. f4 Nxd3 23. fxg5 Bxd5 24. Qxd5+ Qxd5 25. exd5 Rd8 26. Nc3 g6 27. Rd1 Nb2 28. Re1 Kf7 29. Re6 Nc4 30. a4 Re8 31. Rxe8 Kxe8 32. Kf2 Kd7 33. Ke2 Kd6 34. Kd3 Na3 35. g4 fxg4 36. hxg4 Ke5 37. a5 Kd6 38. Ke4 Nc2 39. Na4 Nxb4 40. Nb6 Nc2 41. Kd3 Ne1+ 42. Ke2 Nc2 43. Kd3 Ne1+ 44. Ke4 1/2-1/2